00356nam a2200133Ia 4500003000400000008004100004040001600045082001600061100002500077245004400102260004500146300000800191650002300199GCL140319s9999 xx 000 0 eng d aGCL / cGCL04a862.08bG A1 aGALDOS, BENITO PEREZ10aANGEL GUEERA 2 / cGALDOS, BENITO PEREZ a[S.N] : bEL LIBRO DE BOLSILLO ، c1985 a20104aSPANISH LITERATURE